Loading...
| History - European | 0 | 6 | 0 | 2 | 60 | 47 | 88.33 | 2 | 6 | 0.00 | 0.00 |
| Social Science | 0 | 4 | 0 | 1 | 40 | 72 | 92.00 | 3 | 4 | 0.00 | 0.00 |
| History - World | 0 | 4 | 0 | 3 | 40 | 73 | 112.25 | 0 | 4 | 0.00 | 0.00 |
| Philosophy | 0 | 3 | 0 | 0 | 30 | 64 | 88.33 | 1 | 3 | 0.00 | 0.00 |
| Fine Arts - Classical Music | 0 | 4 | 3 | 1 | 25 | 90 | 104.00 | 3 | 4 | 0.00 | 0.00 |
| History - Other | 0 | 2 | 0 | 0 | 20 | 82 | 88.50 | 1 | 2 | 0.00 | 0.00 |
| Current Events | 0 | 1 | 0 | 0 | 10 | 40 | 40.00 | 1 | 1 | 0.00 | 0.00 |
| Science - Other | 0 | 1 | 0 | 0 | 10 | 75 | 75.00 | 1 | 1 | 0.00 | 0.00 |
| Religion | 0 | 1 | 1 | 0 | 5 | 114 | 114.00 | 1 | 1 | 0.00 | 0.00 |
| History - American | 0 | 1 | 1 | 1 | 5 | 126 | 126.00 | 0 | 1 | 0.00 | 0.00 |
| Fine Arts - Other | 0 | 0 | 0 | 0 | 0 | 0.00 | 0 | 0 | 0.00 | 0.00 | |
| Literature - World | 0 | 0 | 1 | 0 | -5 | 0.00 | 0 | 0 | 0.00 | 0.00 | |
| Literature - British | 0 | 0 | 2 | 0 | -10 | 0.00 | 0 | 0 | 0.00 | 0.00 |